000 00619nam a2200217 a 4500
999 _c9894
_d9894
001 9894
003 BD-JhCC
005 20180403100515.0
008 180403s1386 bg |||| ||a| 000 0 ben d
035 _a(BD-JhCC)9894
040 _aBD-JhCC
_dBD-JhCC
041 _aben
082 _a641.6
_bALI 1386
100 _aআলীম, সেলিমা
245 _aদেশী ও বিদেশী রান্না /
_cসেলিমা আলীম,
260 _aঢাকা :
_bকথা প্রকাশন,
_c1386
300 _a390 p. :
_c24 cm.
650 _aCooking
942 _2ddc
_cBK